000 01687nam0a2200349 4500
001 RU\NLR\BIBL_A\022738261
005 20260401172413.0
010 _a978-5-7567-1338-1
021 _aRU
_bКН-П-25-082473
_9КН-П-25-7983
035 _a(NLR Aleph) 022738261
090 _a13650332
_c13650332
100 _a20260227d2025 k y0rusy50 ca
101 0 _arus
102 _aRU
105 _ay e 000zy
181 0 _ai
_baxxe
182 0 _an
200 1 _aРоссийский словарь современного политического языка
_fА. В. Абрамов, М. Г. Абрамова, Д. А. Аникин [и др.]
_gпод редакцией А. Ю. Шутова
203 _aТекст
_bвизуальный
_cнепосредственный
210 _aМосква
_cАспект Пресс
_d2025
215 _a390, [1] с.
_d24
300 _aАвт. указаны на обороте тит. с.
606 1 _aПолитология
_jТерминологические словари
_91294414
_3RU\NLR\AUTH\66217824
686 1 _aФ.я212
701 1 _7ca
_8rus
_aАбрамов
_bА. В.
_cканд. полит. наук
_f1973-
_gАндрей Вячеславович
_924991
_3RU\NLR\AUTH\7742044
701 1 _7ca
_8rus
_aАбрамова
_bМ. Г.
_cканд. ист. наук
_gМарианна Григорьевна
_981849
_3RU\NLR\AUTH\7798923
701 1 _aАникин
_bД. А.
_gДаниил Александрович
702 1 _aШутов
_bА. Ю.
_f1963-
_gАндрей Юрьевич
_4340
942 _cBOOK
980 _aNB